Canh bạc, Cha tôi và hai người đàn bà, Trăng trên đất khách : Kịch bản phim

Gardado en:
Detalles Bibliográficos
Autor Principal: Nguyễn, Thị Hồng Ngát
Formato: Libro
Idioma:Undetermined
Publicado: Hà Nội Hội Nhà văn 2015
Những chủ đề:
Các nhãn: Engadir etiqueta
Sen Etiquetas, Sexa o primeiro en etiquetar este rexistro!
Thư viện lưu trữ: Trung tâm Học liệu Trường Đại học Cần Thơ
LEADER 00712nam a2200205Ia 4500
001 CTU_209963
008 210402s9999 xx 000 0 und d
082 |a 895.922234 
082 |b Ng124 
100 |a Nguyễn, Thị Hồng Ngát 
245 0 |a Canh bạc, Cha tôi và hai người đàn bà, Trăng trên đất khách : 
245 0 |b Kịch bản phim 
245 0 |c Nguyễn Thị Hồng Ngát 
260 |a Hà Nội 
260 |b Hội Nhà văn 
260 |c 2015 
650 |a Vietnamese literature,Văn học Việt Nam 
650 |y 20th century,Thế kỷ 20 
904 |i Trương Thủy Ly, Trúc 
980 |a Trung tâm Học liệu Trường Đại học Cần Thơ